[Event "Washington Open"]
[Site "Chess.com"]
[Date "2020.05.24"]
[Round "?"]
[White "Patick, Sterling"]
[Black "Chen, Angela"]
[Result "1-0"]
[WhiteElo "1663"]
[BlackElo "1421"]
[PlyCount "63"]
[EventDate "2020.??.??"]

1. e4 e5 2. Nf3 Nc6 3. Bb5 a6 4. Bxc6 dxc6 5. h3 Bd6 6. O-O Nf6 7. d4 Qe7 8.
dxe5 Bxe5 9. Nxe5 Qxe5 10. Qf3 O-O 11. Nc3 h6 12. Bf4 Qe7 13. Rad1 Be6 14. g4
Nh7 15. Qe3 Qh4 16. Kh2 Bxg4 17. Rg1 Nf6 18. Rd2 Be6 19. Qf3 Kh7 20. e5 Kh8 21.
exf6 Qxf6 22. Qg3 Rg8 23. Be5 Qf5 24. Ne2 c5 25. Bxg7+ Kh7 26. Qc3 Qxf2+ 27.
Rg2 Qf5 28. Ng1 b5 29. Bh8 Qf4+ 30. Kh1 Qf5 31. Rg7+ Rxg7 32. Qxg7# 1-0

[Event "Washington Open"]
[Site "Chess.com"]
[Date "2020.05.25"]
[Round "?"]
[White "Chen, Angela"]
[Black "Tembhare, Santoshkumar"]
[Result "0-1"]
[WhiteElo "1421"]
[BlackElo "1684"]
[PlyCount "72"]
[EventDate "2020.??.??"]

1. e4 c5 2. Nf3 Nc6 3. d4 cxd4 4. Nxd4 Nxd4 5. Qxd4 e6 6. Nc3 h6 7. Bf4 a6 8.
Bd3 Nf6 9. h3 b6 10. O-O Bc5 11. Qc4 O-O 12. Na4 d5 13. exd5 exd5 14. Qc3 d4
15. Qc4 Be6 16. Bh7+ Nxh7 17. Qd3 Qf6 18. Bg3 Rac8 19. Qxa6 Ra8 20. Qb5 Ra5 21.
Qc6 Rc8 22. Bc7 Rxa4 23. Qxa4 Rxc7 24. Qa8+ Rc8 25. Qe4 Bf5 26. Qe2 Qg6 27. Kh1
d3 28. Qd2 dxc2 29. Rac1 Nf6 30. f3 Nh5 31. Rfe1 Ng3+ 32. Kh2 Bd6 33. f4 Nh5
34. Rf1 Qg3+ 35. Kh1 Bxf4 36. Rxf4 Nxf4 0-1

[Event "Washington Open"]
[Site "Chess.com"]
[Date "2020.05.23"]
[Round "?"]
[White "Zhang, Michelle"]
[Black "Kuhner, Mary"]
[Result "0-1"]
[WhiteElo "1267"]
[BlackElo "1878"]
[PlyCount "44"]
[EventDate "2020.??.??"]

1. e4 e6 2. d4 d5 3. Nd2 Nf6 4. e5 Nfd7 5. Bd3 c5 6. c3 Nc6 7. Ne2 cxd4 8. cxd4
f6 9. exf6 Nxf6 10. a3 Bd6 11. Nf3 O-O 12. O-O Ng4 13. h3 Rxf3 14. gxf3 Nh2 15.
Qc2 Qh4 16. Kg2 Nxf1 17. Kxf1 Qxh3+ 18. Ke1 e5 19. dxe5 Nxe5 20. Bxh7+ Kh8 21.
Bg6 Nxf3+ 22. Kd1 Qf1# 0-1

[Event "Washington Open"]
[Site "Chess.com"]
[Date "2020.05.23"]
[Round "?"]
[White "Zhang, Michelle"]
[Black "Velea, Stephanie"]
[Result "1/2-1/2"]
[WhiteElo "1267"]
[BlackElo "1700"]
[PlyCount "77"]
[EventDate "2020.??.??"]

1. e4 c5 2. Nf3 d6 3. d4 cxd4 4. Nxd4 Nf6 5. Nc3 g6 6. Be3 Bg7 7. f3 O-O 8. Qd2
Nc6 9. O-O-O d5 10. exd5 Nxd5 11. Nxc6 bxc6 12. Nxd5 cxd5 13. Qxd5 Qc7 14. Qxa8
Bf5 15. Qxf8+ Kxf8 16. Rd2 Qb8 17. b3 Kg8 18. Bc4 Bc3 19. Rd5 Kg7 20. Bd4+ Bxd4
21. Rxd4 Qe5 22. Rhd1 Qxh2 23. R4d2 Qe5 24. Rd4 Qa5 25. Kb2 Qe5 26. Kc1 Qg3 27.
R4d2 h5 28. Re2 Qg5+ 29. Red2 h4 30. Rh1 Qe3 31. Rhd1 h3 32. gxh3 Bxh3 33. Bd5
Bf5 34. Kb2 Qc5 35. Bc4 Qe5+ 36. Kb1 Qc3 37. Bd3 Be6 38. Re2 a5 39. Rg1 1/2-1/2

[Event "Washington Open"]
[Site "Chess.com"]
[Date "2020.05.24"]
[Round "?"]
[White "Bailey, Daniel"]
[Black "Zhang, Michelle"]
[Result "1/2-1/2"]
[WhiteElo "1729"]
[BlackElo "1267"]
[PlyCount "89"]
[EventDate "2020.??.??"]

1. d4 d5 2. c4 e6 3. Nc3 Nf6 4. cxd5 exd5 5. Bg5 Be7 6. e3 Bf5 7. Bd3 Bxd3 8.
Qxd3 c6 9. Nf3 Nbd7 10. O-O O-O 11. a3 h6 12. Bh4 Re8 13. b4 a6 14. Rab1 Qc7
15. Bg3 Bd6 16. Bxd6 Qxd6 17. a4 Ne4 18. Rfc1 Qg6 19. b5 axb5 20. axb5 Ra3 21.
bxc6 bxc6 22. Ra1 Nxc3 23. Qxg6 fxg6 24. Rxa3 Ne2+ 25. Kf1 Nxc1 26. Rc3 Na2 27.
Rxc6 Kf7 28. Nh4 g5 29. Nf5 Nf6 30. Nd6+ Ke7 31. Nxe8 Kxe8 32. Rc7 Kf8 33. Ke2
Nb4 34. f3 g4 35. fxg4 Nxg4 36. h3 Nf6 37. Rb7 Nc6 38. Kd3 Ne4 39. Rb6 Ne7 40.
Ra6 Kf7 41. Ra7 Kf8 42. Ra8+ Kf7 43. Ra7 Nf2+ 44. Ke2 Ne4 45. Kd3 1/2-1/2

[Event "Washington Open"]
[Site "Chess.com"]
[Date "2020.05.24"]
[Round "?"]
[White "Bell, Harry"]
[Black "Zhang, Michelle"]
[Result "1-0"]
[WhiteElo "2000"]
[BlackElo "1267"]
[PlyCount "113"]
[EventDate "2020.??.??"]

1. Nf3 d5 2. d4 Nf6 3. Bf4 c5 4. e3 Bf5 5. Bb5+ Bd7 6. Be2 e6 7. O-O Be7 8. h3
Nc6 9. c4 O-O 10. Nc3 Bc8 11. dxc5 Bxc5 12. Rc1 Bb6 13. a3 h6 14. Qc2 d4 15.
Rfd1 Re8 16. Ne5 Re7 17. Nb5 Nxe5 18. Bxe5 Rd7 19. c5 dxe3 20. cxb6 exf2+ 21.
Kf1 Qxb6 22. Rxd7 Bxd7 23. Bd4 Qa5 24. b4 Qd8 25. Bxf2 Rc8 26. Qd1 Rxc1 27.
Qxc1 Bxb5 28. Bxb5 a6 29. Be2 e5 30. Qc5 e4 31. Qd4 Qc7 32. Bh4 Qc1+ 33. Bd1
Qf4+ 34. Bf2 g5 35. Kg1 Kh7 36. Be3 Qf5 37. g4 Qg6 38. Bd2 Kg7 39. Bc3 b5 40.
Bc2 h5 41. Bxe4 Qh6 42. Bf5 hxg4 43. hxg4 a5 44. Kg2 axb4 45. axb4 Kf8 46. Qxf6
Qxf6 47. Bxf6 Kg8 48. Bd7 Kf8 49. Bxb5 Kg8 50. Bd7 Kh7 51. b5 Kg6 52. Be7 f6
53. b6 f5 54. Bxf5+ Kh6 55. b7 Kg7 56. b8=Q Kf7 57. Qf8# 1-0

[Event "Washington Open"]
[Site "Chess.com"]
[Date "2020.05.25"]
[Round "?"]
[White "Zhang, Michelle"]
[Black "Lavoice, Richard"]
[Result "1/2-1/2"]
[WhiteElo "1267"]
[BlackElo "1911"]
[PlyCount "108"]
[EventDate "2020.??.??"]

1. e4 e6 2. d4 d5 3. Nd2 Nf6 4. e5 Nfd7 5. Bd3 c5 6. c3 Nc6 7. Ne2 cxd4 8. cxd4
f6 9. exf6 Nxf6 10. O-O Bd6 11. Nf3 Qc7 12. h3 O-O 13. Be3 Nh5 14. Nc3 a6 15.
Ng5 Nf6 16. Nxh7 Nxh7 17. Qh5 Nf6 18. Qh4 Qf7 19. Bg5 Ne7 20. f3 Ng6 21. Qf2
Bf4 22. Bxg6 Qxg6 23. Bxf4 Bd7 24. Rfe1 Nh5 25. Be5 Nf4 26. Bxf4 Rxf4 27. Re5
b5 28. a3 Rf5 29. Rae1 Rc8 30. Rxf5 Qxf5 31. Re5 Qd3 32. Re2 a5 33. Rd2 Qg6 34.
Kh1 b4 35. axb4 axb4 36. Ne2 Bb5 37. Kg1 Kf7 38. Qe1 Bxe2 39. Qxe2 Qb1+ 40. Rd1
Rc1 41. Rxc1 Qxc1+ 42. Kf2 b3 43. Kg3 Qg5+ 44. Kf2 Qh4+ 45. Ke3 Qh6+ 46. Kd3
Qc1 47. Qf2 Qc4+ 48. Ke3 Qc1+ 49. Qd2 Qg1+ 50. Kd3 Qf1+ 51. Qe2 Qc1 52. Qd2
Qf1+ 53. Ke3 Qg1+ 54. Kd3 Qf1+ 1/2-1/2

[Event "Washington Open"]
[Site "Chess.com"]
[Date "2020.05.25"]
[Round "?"]
[White "Zhang, Michelle"]
[Black "Ramkumar, Aditya"]
[Result "0-1"]
[WhiteElo "1267"]
[BlackElo "1452"]
[PlyCount "160"]
[EventDate "2020.??.??"]

1. e4 c5 2. Nf3 d6 3. d4 cxd4 4. Nxd4 Nf6 5. Nc3 a6 6. Bc4 e6 7. Bb3 Be7 8. O-O
O-O 9. Kh1 Re8 10. f4 Nbd7 11. Nxe6 fxe6 12. Bxe6+ Kh8 13. Nd5 Nc5 14. Nxf6
Bxf6 15. Bf7 Rxe4 16. Qh5 h6 17. Bg6 Rc4 18. g4 Qc7 19. g5 Qc6+ 20. Rf3 Bg4 21.
Qxg4 Bxg5 22. Qg3 Rf8 23. Bd2 Ne4 24. Bxe4 Qxe4 25. Raf1 Bf6 26. c3 Qc2 27. Bc1
Re8 28. R3f2 Qe4+ 29. Rg2 Qc6 30. f5 Rce4 31. Bxh6 R8e7 32. Rfg1 Re2 33. Bc1
Rxg2 34. Rxg2 Re8 35. Qh3+ Kg8 36. Qg3 Re2 37. h3 Be5 38. Bf4 Rxg2 39. Qxg2
Qxg2+ 40. Kxg2 Bxf4 41. Kf3 Be5 42. Ke4 Kf7 43. Kd5 Kf6 44. Ke4 b5 45. h4 a5
46. a3 b4 47. axb4 axb4 48. cxb4 Bxb2 49. b5 Be5 50. b6 d5+ 51. Kxd5 Kxf5 52.
b7 Bg3 53. h5 Kg5 54. Ke6 Kxh5 55. Kf7 g5 56. Kf6 g4 57. Kf5 Kh4 58. Ke4 Kh3
59. Ke3 Kg2 60. Ke2 Bb8 61. Ke1 g3 62. Ke2 Kh1 63. Kf1 g2+ 64. Kf2 g1=Q+ 65.
Kf3 Qb6 66. Ke4 Qxb7+ 67. Kd4 Be5+ 68. Ke3 Qb4 69. Kd3 Qd4+ 70. Ke2 Qc3 71. Kf2
Bd4+ 72. Ke2 Qe3+ 73. Kd1 Qf2 74. Kc1 Kg2 75. Kd1 Ba7 76. Kc1 Kf3 77. Kd1 Ke3
78. Kc1 Kd3 79. Kb1 Kc3 80. Ka1 Qb2# 0-1

[Event "Washington Open"]
[Site "Chess.com"]
[Date "2020.05.23"]
[Round "?"]
[White "Merwin, Steven"]
[Black "Bansal, Amay"]
[Result "1/2-1/2"]
[WhiteElo "1959"]
[BlackElo "1112"]
[PlyCount "149"]
[EventDate "2020.??.??"]

1. e4 c5 2. c3 Nc6 3. d4 cxd4 4. cxd4 e6 5. Nf3 d5 6. e5 Bd7 7. Nc3 Qb6 8. Bd3
Nxd4 9. Nxd4 Qxd4 10. O-O Qb6 11. Qe2 a6 12. Kh1 Ne7 13. f4 g6 14. Be3 Qd8 15.
Rac1 Bg7 16. Bc5 Bc6 17. Qf2 Nf5 18. Rfe1 Nh4 19. Bb6 Qe7 20. Ne2 Nf5 21. Nd4
Kd7 22. Nxc6 bxc6 23. Qc2 Rhc8 24. Qa4 Rab8 25. Bxa6 Rxb6 26. Bxc8+ Kxc8 27. g4
Nh4 28. Qa8+ Kc7 29. Qa7+ Rb7 30. Qa5+ Rb6 31. Qa7+ Rb7 32. Qa5+ Rb6 33. Rc3
Qb4 34. Qa7+ Rb7 35. Qf2 Qxb2 36. Rc2 Qb4 37. Qxh4 g5 38. Qg3 Qxf4 39. Qxf4
gxf4 40. Kg2 Rb4 41. Rec1 Rb6 42. Re1 Ra6 43. Kf3 Bh6 44. h4 Ra3+ 45. Kf2 Bg7
46. Rec1 Bxe5 47. Rxc6+ Kd7 48. R1c2 Rh3 49. h5 Rg3 50. a4 Ra3 51. Ra6 Bd4+ 52.
Kf1 f3 53. Rc1 e5 54. Rd1 Ke7 55. g5 Ra2 56. Rf6 Rh2 57. Rxf3 Rxh5 58. Rxd4
exd4 59. Rd3 Rxg5 60. Rxd4 Kd6 61. Rf4 Ke6 62. a5 Rg8 63. Rh4 Ra8 64. Rxh7 Rxa5
65. Ke2 Ke5 66. Rxf7 Ra2+ 67. Kd1 Kd4 68. Rh7 Kc3 69. Rh3+ Kc4 70. Rh4+ d4 71.
Rh8 Kd3 72. Rh3+ Kc4 73. Rh8 Ra1+ 74. Kd2 Ra2+ 75. Kd1 1/2-1/2

[Event "Washington Open"]
[Site "Chess.com"]
[Date "2020.05.24"]
[Round "?"]
[White "Bansal, Amay"]
[Black "Vijayakumar, Advaith"]
[Result "1/2-1/2"]
[WhiteElo "1112"]
[BlackElo "2026"]
[PlyCount "318"]
[EventDate "2020.??.??"]

1. d4 Nf6 2. c4 e6 3. Nc3 Bb4 4. Bd2 O-O 5. Nf3 b6 6. e3 Bb7 7. Bd3 d5 8. cxd5
exd5 9. a3 Bd6 10. Nb5 Be7 11. Rc1 c5 12. Nc3 Nc6 13. O-O Rc8 14. Re1 Re8 15.
h3 g6 16. Na4 c4 17. Bc2 b5 18. Nc5 Bxc5 19. dxc5 Nb8 20. b4 cxb3 21. Bxb3 Nbd7
22. Nd4 Rxc5 23. Rxc5 Nxc5 24. Nxb5 Ba6 25. a4 Qb6 26. Bc3 Nfe4 27. Bd4 Bxb5
28. axb5 Qxb5 29. Bxd5 Nd3 30. Bxe4 Nxe1 31. Bb1 Rb8 32. Be4 Re8 33. Bb1 Rb8
34. Be4 Nxg2 35. Bxg2 Qb1 36. Qxb1 Rxb1+ 37. Kh2 a5 38. Bc6 Rb4 39. Kg3 a4 40.
Bd5 a3 41. Ba2 Rb5 42. f4 Kf8 43. Kf3 Ke7 44. Ke4 Rh5 45. h4 Rxh4 46. Bc5+ Kf6
47. Bxa3 Rh2 48. Bd5 h5 49. Bc5 h4 50. Kf3 Kg7 51. Bd4+ Kf8 52. Bf6 Rh3+ 53.
Ke4 Rh2 54. Bd4 h3 55. Kf3 Rd2 56. Kg3 h2 57. Bg2 Ke7 58. Kxh2 f6 59. Kg3 Ke6
60. Kf3 Rc2 61. Bf1 g5 62. f5+ Kf7 63. Bd3 Rh2 64. Bc4+ Kg7 65. Kg3 Rh4 66. Be6
Re4 67. Kf3 Rh4 68. Bc3 Ra4 69. Be1 Ra1 70. Bf2 Rh1 71. e4 Rd1 72. Kg4 Rd2 73.
Bg3 Rd4 74. Bd5 Rd3 75. Bd6 Rd1 76. Be7 Rd3 77. Be6 Re3 78. Bd5 Rd3 79. Bd8 Re3
80. Bb6 Rd3 81. Bf2 Rd2 82. Kf3 Rd3+ 83. Ke2 Rh3 84. Be3 g4 85. Bd4 Rh2+ 86.
Kf1 Rd2 87. Bf2 Rd3 88. Kg2 Kf8 89. Bh4 Kg7 90. Kf2 Rc3 91. Bc6 Rxc6 92. Kg3
Rc4 93. Kf4 Rd4 94. Bf2 Ra4 95. Bh4 Kf7 96. Bf2 Ra2 97. Bd4 Re2 98. Bc5 Re1 99.
Bf2 Re2 100. Bh4 Kg7 101. Bg3 Kf8 102. Bh4 Ke7 103. Bg3 Kf7 104. Bh4 Rg2 105.
Be1 Rg1 106. Bh4 Kg7 107. Bg3 Kf7 108. Bh4 Rh1 109. Bg3 Ra1 110. Kxg4 Ra4 111.
Kf4 Kg7 112. Bh4 Kf7 113. Bf2 Ra2 114. Be3 Rh2 115. Kg3 Rh8 116. Bf4 Rc8 117.
Kf3 Rc6 118. Be3 Ke7 119. Bd4 Kd7 120. Kf4 Rd6 121. Bc3 Rc6 122. Bd4 Rd6 123.
Bc3 Ke8 124. Bb2 Kf7 125. e5 fxe5+ 126. Bxe5 Rd5 127. Bb2 Rb5 128. Be5 Rb4+
129. Kg5 Re4 130. Bf4 Re8 131. f6 Ra8 132. Kf5 Ra5+ 133. Be5 Rb5 134. Kf4 Ke6
135. Bc3 Rb3 136. Ba1 Rb1 137. Bc3 Rf1+ 138. Kg5 Rg1+ 139. Kh6 Kf7 140. Kh5 Ke6
141. Kh6 Rg3 142. Ba1 Kf7 143. Kh5 Rg1 144. Bd4 Rg2 145. Ba1 Rg8 146. Bb2 Ke6
147. Kh6 Kf7 148. Kh5 Rb8 149. Ba1 Rb5+ 150. Kg4 Kg6 151. Kf4 Rb1 152. Bc3 Rc1
153. Bb2 Re1 154. Kf3 Re8 155. Kf4 Rb8 156. Ba1 Ra8 157. Bb2 Ra4+ 158. Ke5 Ra6
159. Kf4 Re6 1/2-1/2

[Event "Washington Open"]
[Site "Chess.com"]
[Date "2020.05.24"]
[Round "?"]
[White "Zhang, Zachary T"]
[Black "Bansal, Amay"]
[Result "1-0"]
[WhiteElo "1863"]
[BlackElo "1112"]
[PlyCount "79"]
[EventDate "2020.??.??"]

1. d4 Nf6 2. Nf3 g6 3. g3 d5 4. Bg2 Bg7 5. O-O O-O 6. b3 Bf5 7. Bb2 Qd7 8. Ne5
Qc8 9. c4 c6 10. Nc3 Bh3 11. Rc1 Bxg2 12. Kxg2 dxc4 13. bxc4 Nbd7 14. f4 Nxe5
15. dxe5 Ng4 16. Rf3 Rd8 17. Qb3 h5 18. h3 Nh6 19. Rd1 Qc7 20. Rfd3 b6 21. Ne4
Nf5 22. Ng5 Bh6 23. e6 Bxg5 24. exf7+ Kxf7 25. c5+ Kf8 26. Be5 Rxd3 27. Rxd3
Qc8 28. fxg5 bxc5 29. Rf3 Qa6 30. Rf2 c4 31. Qc3 Kg8 32. e4 e6 33. exf5 exf5
34. Rb2 c5 35. Kf2 Qe6 36. Bh8 Qd7 37. Rd2 Qb7 38. Rd6 Kh7 39. Qf6 Rg8 40. Re6
1-0

[Event "Washington Open"]
[Site "Chess.com"]
[Date "2020.05.25"]
[Round "?"]
[White "Bansal, Amay"]
[Black "Bell, Harry"]
[Result "1/2-1/2"]
[WhiteElo "1112"]
[BlackElo "2000"]
[PlyCount "92"]
[EventDate "2020.??.??"]

1. d4 d5 2. Bf4 Bf5 3. e3 e6 4. Nf3 Nf6 5. Bd3 Bxd3 6. cxd3 c5 7. Nc3 Nc6 8.
dxc5 Bxc5 9. O-O O-O 10. d4 Bb4 11. a3 Bxc3 12. bxc3 Na5 13. Ne5 Ne4 14. c4 f6
15. Nd3 Nxc4 16. Qg4 Qe7 17. Rfb1 b6 18. Nb4 Kh8 19. Rc1 g5 20. Bg3 f5 21. Qh5
Nxg3 22. hxg3 Rg8 23. Nc6 Qe8 24. Qxe8 Rgxe8 25. Ne5 Nxe5 26. dxe5 Rec8 27.
Rab1 Kg8 28. Kf1 Kf8 29. Ke2 Ke8 30. Kd2 Kd8 31. Rh1 Rc7 32. Rh6 Re7 33. Rbh1
Kd7 34. Rxh7 Rae8 35. Kc3 Kc6 36. a4 b5 37. axb5+ Kxb5 38. Rb1+ Kc6 39. Rxe7
Rxe7 40. Kd4 Rb7 41. Rxb7 Kxb7 42. Kc5 Kc7 43. Kb5 g4 44. f4 Kb7 45. Kc5 Kc7
46. Kb5 Kb7 1/2-1/2

[Event "Washington Open"]
[Site "Chess.com"]
[Date "2020.05.25"]
[Round "?"]
[White "Bansal, Amay"]
[Black "McNall, Kent"]
[Result "0-1"]
[WhiteElo "1112"]
[BlackElo "1867"]
[PlyCount "74"]
[EventDate "2020.??.??"]

1. d4 f5 2. c4 Nf6 3. Nc3 e6 4. Nf3 c6 5. Bf4 d5 6. Ne5 Bd6 7. e3 O-O 8. Bd3 b6
9. h3 dxc4 10. Bxc4 Nd5 11. Nxd5 exd5 12. Bd3 Bxe5 13. Bxe5 Nd7 14. Bd6 Rf6 15.
Bf4 Qf8 16. O-O Rg6 17. Qc2 Rf6 18. Rac1 h6 19. Qb1 Bb7 20. Rc3 Re8 21. Rfc1 a6
22. a4 c5 23. dxc5 bxc5 24. b4 c4 25. Be2 g5 26. Bh5 gxf4 27. Bxe8 Qxe8 28.
exf4 Qe4 29. Re3 Qxb1 30. Rxb1 d4 31. Re7 Rf7 32. Rbe1 Rxe7 33. Rxe7 Bc6 34.
Re6 Bxa4 35. Rxa6 c3 36. Rxa4 c2 37. Ra1 d3 0-1

[Event "Washington Open"]
[Site "Chess.com"]
[Date "2020.05.24"]
[Round "?"]
[White "Sunku, Charith"]
[Black "Chan, Ethan"]
[Result "0-1"]
[WhiteElo "1579"]
[BlackElo "1566"]
[PlyCount "52"]
[EventDate "2020.??.??"]

1. e4 e5 2. Nf3 Nc6 3. Bc4 Bc5 4. c3 Nf6 5. d4 exd4 6. cxd4 Bb4+ 7. Bd2 Bxd2+
8. Nbxd2 d5 9. exd5 Nxd5 10. O-O O-O 11. Re1 Nb6 12. Bd3 Nxd4 13. Nxd4 Qxd4 14.
Nb3 Qf6 15. Qc2 h6 16. Qxc7 Qxb2 17. Re2 Qf6 18. Rae1 Qc6 19. Qg3 Bd7 20. Be4
Qf6 21. Bxb7 Rab8 22. Nc5 Bb5 23. Re7 Rfd8 24. Bf3 Rbc8 25. a4 Rxc5 26. axb5
Qxe7 0-1

[Event "Washington Open"]
[Site "Chess.com"]
[Date "2020.05.24"]
[Round "?"]
[White "Zhu, Florina"]
[Black "He, Justin"]
[Result "0-1"]
[WhiteElo "1506"]
[BlackElo "1562"]
[PlyCount "170"]
[EventDate "2020.??.??"]

1. e4 c6 2. d4 d5 3. Nc3 dxe4 4. Nxe4 Bf5 5. Ng3 Bg6 6. h4 h6 7. Nf3 Nd7 8. h5
Bh7 9. Bd3 Bxd3 10. Qxd3 Ngf6 11. Bd2 e6 12. O-O-O Qc7 13. c4 Be7 14. Kb1 O-O
15. Ne4 Nxe4 16. Qxe4 Nf6 17. Qe2 Rad8 18. Rdg1 c5 19. g4 cxd4 20. g5 hxg5 21.
Rxg5 Nh7 22. Rg2 d3 23. Qe4 Bf6 24. Rhg1 Kh8 25. Ng5 Nxg5 26. Bxg5 Bxg5 27.
Rxg5 f6 28. R5g3 d2 29. Kc2 Rd6 30. h6 g5 31. f4 Rc8 32. b3 Qd7 33. Qf3 Qh7+
34. Kb2 Rcd8 35. fxg5 Qf5 36. Qxf5 exf5 37. Rd1 f4 38. Rg4 fxg5 39. Rxg5 Rxh6
40. Rd5 Rhd6 41. R1xd2 Rxd5 42. cxd5 Kg7 43. Kc3 Kf6 44. Kd4 Kf5 45. Rf2 b6 46.
b4 Kg4 47. Ke5 Kg3 48. Rc2 f3 49. d6 f2 50. Rc1 Kg2 51. Ke6 Re8+ 52. Kd7 Re2
53. a4 Re4 54. Kc7 Rxb4 55. d7 Rd4 56. d8=Q Rxd8 57. Kxd8 a6 58. Kc7 b5 59.
axb5 axb5 60. Kb6 b4 61. Ka5 b3 62. Ka4 b2 63. Rb1 f1=Q 64. Rxb2+ Kg3 65. Rb3+
Kf4 66. Rb4+ Ke3 67. Ka5 Kd3 68. Kb6 Kc3 69. Rb5 Qf6+ 70. Kc5 Qe5+ 71. Kc6 Qe6+
72. Kc5 Qe7+ 73. Kd5 Qd7+ 74. Kc5 Qc7+ 75. Kd5 Qc4+ 76. Kd6 Qxb5 77. Kc7 Qa6
78. Kd7 Qb6 79. Ke7 Qc6 80. Kf7 Kd4 81. Ke7 Ke5 82. Kf7 Qb6 83. Kg7 Kf5 84. Kh7
Kg5 85. Kh8 Kg6 0-1

[Event "Washington Open"]
[Site "Chess.com"]
[Date "2020.05.25"]
[Round "?"]
[White "Stein, Daniel"]
[Black "Rodriguez, Odysseus"]
[Result "1-0"]
[WhiteElo "1555"]
[BlackElo "1499"]
[PlyCount "95"]
[EventDate "2020.??.??"]

1. e4 c6 2. d4 d5 3. e5 Bf5 4. h4 h5 5. Bg5 Qb6 6. Bd3 Bxd3 7. Qxd3 Qxb2 8. e6
Qxa1 9. Qb3 Qxd4 10. Qxb7 Qe5+ 11. Be3 Qxe6 12. Qxa8 Qd6 13. Bxa7 Qb4+ 14. Nd2
Nf6 15. Qxb8+ Qxb8 16. Bxb8 Nd7 17. Bg3 e5 18. Ngf3 f6 19. O-O Ba3 20. Rb1 Ke7
21. Ne1 Ra8 22. Nb3 Ra4 23. f3 c5 24. Kf1 c4 25. Nd2 c3 26. Nb3 Bb2 27. Nd3
Rxa2 28. Nb4 Ra4 29. Nxd5+ Kd6 30. Ne3 Kc6 31. Nd1 Ra2 32. Be1 Ba3 33. Nxc3
Rxc2 34. Na5+ Kc5 35. Rb5+ Kd4 36. Rd5+ Ke3 37. Nc4+ Kf4 38. Nxa3 Rxc3 39. Bxc3
Nb6 40. Rb5 Nd7 41. Kf2 g5 42. Bd2+ Kf5 43. hxg5 fxg5 44. Nc4 g4 45. fxg4+ hxg4
46. Bc3 Nf6 47. Rxe5+ Kf4 48. g3# 1-0

[Event "Washington Open"]
[Site "Chess.com"]
[Date "2020.05.25"]
[Round "?"]
[White "Nallabothula, Varin"]
[Black "Devaraju, Sonia"]
[Result "1-0"]
[WhiteElo "1293"]
[BlackElo "1543"]
[PlyCount "83"]
[EventDate "2020.??.??"]

1. e4 e5 2. Nf3 Nc6 3. Bb5 a6 4. Bxc6 dxc6 5. O-O Bg4 6. h3 Bxf3 7. Qxf3 Nf6 8.
d3 Be7 9. Nd2 O-O 10. Nc4 Nd7 11. b3 Bf6 12. Qe2 Re8 13. Bb2 b5 14. Ne3 g6 15.
Rad1 Nc5 16. Ng4 Bg7 17. Qe3 Nd7 18. d4 Qe7 19. d5 cxd5 20. Rxd5 h5 21. Nh2 c6
22. Rd3 Kh7 23. Bc1 a5 24. Rfd1 Red8 25. Qd2 Ra7 26. Rd6 Qh4 27. Rxc6 Qxe4 28.
Rd6 Bf8 29. Rd5 b4 30. g4 Rc7 31. f3 Qf4 32. Qxf4 exf4 33. Bxf4 Rxc2 34. Rxd7
Rxd7 35. Rxd7 Kg7 36. Be5+ Kg8 37. Rd8 Rc1+ 38. Nf1 f6 39. Bd6 Rd1 40. Rxf8+
Kg7 41. Rd8 Kf7 42. Bc7 1-0

[Event "Washington Open"]
[Site "Chess.com"]
[Date "2020.05.24"]
[Round "?"]
[White "Wang, Jalen"]
[Black "Stein, Daniel"]
[Result "1-0"]
[WhiteElo "1263"]
[BlackElo "1555"]
[PlyCount "63"]
[EventDate "2020.??.??"]

1. c4 Nf6 2. Nc3 e5 3. g3 Bb4 4. Bg2 O-O 5. Nf3 Bxc3 6. bxc3 Re8 7. O-O d6 8.
d3 e4 9. Nd4 h6 10. Nc2 Nc6 11. Ne3 Rb8 12. Re1 Na5 13. f3 exf3 14. exf3 b6 15.
Bd2 Qd7 16. Nd5 Rxe1+ 17. Bxe1 Nxd5 18. cxd5 Ba6 19. c4 Nb7 20. Bf1 c5 21. Qb3
Nd8 22. d4 Qc7 23. Qa4 Bc8 24. dxc5 Qxc5+ 25. Bf2 Qc7 26. Qe8+ Kh7 27. Bd3+ f5
28. Re1 Rb7 29. Qf8 Nf7 30. Re8 Ne5 31. Rxc8 Qe7 32. Bxf5+ 1-0

[Event "Washington Open"]
[Site "Chess.com"]
[Date "2020.05.24"]
[Round "?"]
[White "Rodriguez, Odysseus"]
[Black "Wang, Jalen"]
[Result "1/2-1/2"]
[WhiteElo "1499"]
[BlackElo "1263"]
[PlyCount "108"]
[EventDate "2020.??.??"]

1. d4 Nf6 2. c4 g6 3. Nc3 Bg7 4. e4 d6 5. Be2 O-O 6. Nf3 e5 7. O-O exd4 8. Nxd4
Nc6 9. Be3 Nxd4 10. Bxd4 b6 11. f3 Bb7 12. Qd2 a5 13. Rfe1 Re8 14. Bf1 Nd7 15.
Bxg7 Kxg7 16. b3 Nc5 17. Rab1 Qd7 18. a3 f6 19. b4 Ne6 20. Red1 axb4 21. axb4
Ra7 22. Nb5 Raa8 23. Ra1 Reb8 24. Nc3 Qd8 25. Bd3 Rxa1 26. Rxa1 Ra8 27. Qb2 Nd4
28. Rd1 Qe8 29. c5 Qc6 30. cxd6 Qxd6 31. Kh1 Qe5 32. Bc4 Rd8 33. Rd3 Ne6 34.
Rxd8 Nxd8 35. Qd2 Nf7 36. Bxf7 Kxf7 37. Qd7+ Qe7 38. Qxe7+ Kxe7 39. g3 f5 40.
Kg2 fxe4 41. fxe4 Kd6 42. Kf3 Ke5 43. Ke3 h6 44. h3 Bc6 45. h4 Bb7 46. Kd3 g5
47. hxg5 hxg5 48. Ke3 Bc6 49. Kd3 Ba8 50. Ke3 c5 51. bxc5 bxc5 52. Kd3 c4+ 53.
Kxc4 Bxe4 54. Kc5 g4 1/2-1/2

[Event "Washington Open"]
[Site "Chess.com"]
[Date "2020.05.24"]
[Round "?"]
[White "He, Justin"]
[Black "Kona, Vidip"]
[Result "1/2-1/2"]
[WhiteElo "1562"]
[BlackElo "1261"]
[PlyCount "73"]
[EventDate "2020.??.??"]

1. e4 e6 2. d4 d5 3. exd5 exd5 4. Bd3 Bd6 5. Nf3 Nf6 6. O-O O-O 7. Bg5 Bg4 8.
Nbd2 Nbd7 9. c3 c6 10. Qc2 Qc7 11. Rfe1 Rfe8 12. h3 Bh5 13. Bh4 Bg6 14. Bxg6
hxg6 15. Bxf6 Nxf6 16. Rxe8+ Rxe8 17. Re1 Rxe1+ 18. Nxe1 Qe7 19. Qd1 Ne4 20.
Nxe4 Qxe4 21. Nd3 Kf8 22. Kf1 Ke7 23. Qe2 Qxe2+ 24. Kxe2 Ke6 25. Ke3 g5 26. g4
g6 27. Nc5+ Bxc5 28. dxc5 Ke5 29. b4 f6 30. a4 a6 31. f3 f5 32. a5 Ke6 33. Kd4
Kf6 34. Kd3 f4 35. Kd4 Ke6 36. Kd3 Ke5 37. Kd2 1/2-1/2

[Event "Washington Open"]
[Site "Chess.com"]
[Date "2020.05.24"]
[Round "?"]
[White "Kona, Vidip"]
[Black "Williamson, Mobius"]
[Result "1-0"]
[WhiteElo "1261"]
[BlackElo "1399"]
[PlyCount "55"]
[EventDate "2020.??.??"]

1. e4 e5 2. Nf3 Nc6 3. Bb5 a6 4. Ba4 Nf6 5. O-O Be7 6. d3 O-O 7. Nbd2 b5 8. Bb3
d6 9. a4 Bb7 10. Re1 Na5 11. Ba2 c5 12. c3 Qb6 13. Nf1 b4 14. Ne3 h6 15. Nf5
Rfe8 16. N3h4 bxc3 17. bxc3 Bc8 18. Qd2 Bxf5 19. Nxf5 Nb3 20. Rb1 Nxd2 21. Rxb6
Nd7 22. Rb2 Nxe4 23. dxe4 g6 24. Nxh6+ Kg7 25. Nxf7 Rf8 26. Bh6+ Kf6 27. Re3 g5
28. Bxg5+ 1-0

[Event "Washington Open"]
[Site "Chess.com"]
[Date "2020.05.25"]
[Round "?"]
[White "Kona, Vidip"]
[Black "Kolar, Tom"]
[Result "0-1"]
[WhiteElo "1261"]
[BlackElo "1277"]
[PlyCount "42"]
[EventDate "2020.??.??"]

1. e4 Nf6 2. e5 Nd5 3. c4 Nb6 4. d4 d6 5. f4 dxe5 6. fxe5 e6 7. Nf3 c5 8. b3
Nc6 9. Bb2 cxd4 10. Bd3 Bc5 11. Nbd2 Nd7 12. O-O Ndxe5 13. Nxe5 Nxe5 14. Qh5
Qc7 15. Be4 g6 16. Qg5 Bd7 17. Qf6 Rg8 18. Nf3 Ng4 19. Qh4 f5 20. Bd3 e5 21.
Qxh7 O-O-O 0-1

[Event "Washington Open"]
[Site "Chess.com"]
[Date "2020.05.23"]
[Round "?"]
[White "Chan, Ethan"]
[Black "Tatikonda, Nihanth"]
[Result "1/2-1/2"]
[WhiteElo "1566"]
[BlackElo "1226"]
[PlyCount "49"]
[EventDate "2020.??.??"]

1. e4 c5 2. d4 cxd4 3. c3 dxc3 4. Nxc3 Nc6 5. Nf3 g6 6. Bc4 Bg7 7. O-O d6 8.
Qe2 Nf6 9. Rd1 Qc7 10. Nb5 Qb8 11. Bf4 Ne5 12. Ng5 O-O 13. Bxe5 dxe5 14. Rac1
e6 15. Bb3 b6 16. Nc7 Bb7 17. Nxa8 Qxa8 18. f3 Bh6 19. h4 Nh5 20. Rc2 Nf4 21.
Qb5 a5 22. Qxe5 Qb8 23. Qxb8 Rxb8 24. Rc7 Bxg5 25. h5 1/2-1/2

[Event "Washington Open"]
[Site "Chess.com"]
[Date "2020.05.24"]
[Round "?"]
[White "Tatikonda, Nihanth"]
[Black "Devaraju, Sonia"]
[Result "0-1"]
[WhiteElo "1226"]
[BlackElo "1543"]
[PlyCount "128"]
[EventDate "2020.??.??"]

1. d4 Nf6 2. c4 e6 3. Nf3 c5 4. Nc3 d5 5. dxc5 Bxc5 6. e3 Nc6 7. Be2 O-O 8. O-O
Re8 9. cxd5 exd5 10. b3 Bf5 11. Bb2 Rc8 12. Na4 Be7 13. Bd3 Bxd3 14. Qxd3 Nb4
15. Qb5 a6 16. Qb6 Qd7 17. Ne5 Qf5 18. h3 d4 19. Bxd4 Nfd5 20. Qa7 b5 21. g4
Qe6 22. Qd7 Qxd7 23. Nxd7 bxa4 24. bxa4 Nc2 25. Rac1 Nxd4 26. exd4 Nf4 27. Kh2
Bd6 28. Ne5 f6 29. Rxc8 Rxc8 30. Nf3 Rc2 31. h4 Rxa2 32. Kg1 Ra3 33. Nd2 Rd3
34. Ne4 Rxd4 35. Nxd6 Rxd6 36. Rb1 Ne2+ 37. Kf1 Nc3 38. Ra1 Rd1+ 39. Rxd1 Nxd1
40. f3 Nb2 41. a5 Nc4 42. Ke2 Nxa5 43. g5 fxg5 44. hxg5 Kf7 45. f4 Ke6 46. Kf3
Kf5 47. Kg3 Nc4 48. Kf3 a5 49. Ke2 a4 50. Kd3 a3 51. Kc2 a2 52. Kc3 a1=Q+ 53.
Kxc4 Kxf4 54. Kd5 h5 55. gxh6 gxh6 56. Ke6 h5 57. Kd5 h4 58. Ke6 h3 59. Kd5 h2
60. Ke6 h1=R 61. Kd5 Rd1+ 62. Ke6 Qe5+ 63. Kf7 Rd7+ 64. Kf8 Qh8# 0-1